000 02453 a2200229 4500
001 64021
005 20260521160829.0
008 260521a1966 arg spa d
003 AR-UNSa-BCEJYS
040 _aAR-UNSa-BCEJYS
_bspa
_cAR-UNSa-BCEJYS
080 _a658.012.4
_xGestión. Dirección. Autoridad. Técnicas y métodos de gestión (gestión del conocimiento, Outsourcing, Benchmarking...)
245 1 0 _aDirección
_pPrincipios, análisis, casos
264 1 _aBilbao :
_bEdiciones Deusto
_c1966
300 _a694 p.
_c22 cm.
505 _a1. Introducción: Concepto moderno de la dirección de empresas – 2. Extractos sobre la dirección en la sociedad moderna – 3. Los principios tradicionales de la organización. Una síntesis moderna de los mismos – 4. Extractos y casos sobre organización de empresas – 5. Organización: investigación y teoría – 6. Estudios de investigación sobre organización – 7. Motivación, incentivos y moral – 8. Extractos y casos sobre motivación – 9. Cómo se formula la línea de actuación, se establece el << Planning >> y se toman las decisiones – 10. Extractos y casos sobre la línea de actuación y toma de decisiones – 11. El control – 12. Extractos y casos sobre control – 13. Mejora del trabajo y medida del mismo – 14. Extractos y caos sobre mejora del trabajo y la medición del mismo – 15. Análisis económico en las decisiones empresariales – 16. Extractos y casos en cuanto a la aplicación de los principios económicos en la técnica de la gestión – 17. Decisiones respecto a la inversión – 18. Extractos y caos en cuanto a decisiones sobre la inversión – 19. Utilización de la contabilidad en el << Planning >>y control de la empresa – 20. Extractos y casos sobre la contabilidad de dirección – 21. Análisis esquemático en la toma de las decisiones – 22. Extractos y casos de análisis sistemático en la toma de decisiones – 23. Los métodos matemáticos aplicados a los negocios – 24. Extractos y casos sobre métodos matemáticos – 25. Probabilidad y estadística en las decisiones empresariales – 26. Extractos y casos en cuanto al uso de las estadísticas en la gestión empresarial – 27. La dirección respecto al presente y al futuro –
041 _aspa
942 _cBK
590 _aniveau_biblio:m niveau_hierar:0
100 1 _aHaynes, W. Warren
700 1 _aMassie, Joseph L.
700 1 _aGil Lasierra, Agustín
999 _c36498
_d36498